000 01081cam a22003257a 4500
999 _c25374
_d25374
001 12327548
003 BDDh-ASL
005 20231015030501.0
008 001122s2000 ii b 001 0 eng
010 _a 00410445
020 _a0195649672
025 _aI-E-00-410445; 10; 61-92
035 _a(DLC) 00410445
037 _bLibrary of Congress -- New Delhi Field Office
_cRs595.00
040 _aDLC
_cDLC
_dDLC
_dBDDh-ASL
042 _alcode
043 _aaz-----
050 0 0 _aMLCS 2001/02791
_aBP63.A37
082 _a954
_bROI
100 1 _aRobinson, Francis.
245 1 0 _aIslam and Muslim history in South Asia /
_cFrancis Robinson.
260 _aNew Delhi ;
_aNew York :
_bOxford University Press,
_c2000.
300 _aviii, 299 p. :
_c22 cm.
504 _aIncludes bibliographical references and index.
650 0 _aIslam
_zSouth Asia
_xHistory.
856 4 2 _3Publisher description
_uhttp://www.loc.gov/catdir/enhancements/fy0639/00410445-d.html
906 _a7
_bcbc
_corigode
_d4
_encip
_f20
_gy-gencatlg
942 _2ddc
_cBK